Toward planning for the aging in local communities: an international perspective

Zapisane w:
Opis bibliograficzny
Główni autorzy: Dunham, Arthur (Autor), Nusberg, Charlotte (Autor), Sengupta, Sujata Basu (Autor)
Format: Książka
Język:angielski
Wydane: Washington, D.C International Federation on Ageing 1978
Hasła przedmiotowe:
Etykiety: Dodaj etykietę
Nie ma etykietki, Dołącz pierwszą etykiete!

MARC

LEADER 00000nam a2200000 a 4500
001 UCZ8044
003 CL-VaPUC
008 960112e19780000US |||||||||||||||||eng|d
082 0 4 |a 362.6  |b DUN  |2 21 
100 0 |a Dunham, Arthur  |e author  |9 353148 
700 0 |a Nusberg, Charlotte  |e author  |9 353149 
700 0 |a Sengupta, Sujata Basu  |e author  |9 353150 
245 1 0 |a Toward planning for the aging in local communities: an international perspective 
300 |a 49 p 
942 |c BK 
945 |d 19960112 00:00:00  |a cmena 
260 |a Washington, D.C  |b International Federation on Ageing  |c 1978 
650 0 |a Ancianos   |9 307293 
650 0 |a Vejez   |9 307287 
650 0 |a Servicios sociales   |9 338304 
650 0 |a Problemas sociales  |9 258537 
650 0 |a Ciencias sociales  |v Investigación  |9 307767 
650 0 |a Salud  |9 258663 
650 0 |a Bienestar social   |9 255298 
583 |a last modification  |c 19960112 00:00:00  |k Rodrigo Vera 
999 |c 244007  |d 244005 
952 |0 0  |1 0  |4 0  |6 362_600000000000000_DUN_1978  |7 0  |8 P  |9 257911  |a BIBEDU  |b BIBEDU  |c BIBEDU_PB  |d 2019-11-19  |i 1614266  |o 362.6 DUN 1978  |p 1614266  |r 2024-01-25  |w 2019-11-19  |y BK  |k EDU